| 000 | 00697nam a2200217 a 4500 | ||
|---|---|---|---|
| 005 | 20140310183451.0 | ||
| 008 | 090108s19uu xx 00 eng d | ||
| 020 | _a9781422104613 | ||
| 050 |
_aHD 38.25.U6 _b.B69 2007 |
||
| 100 | _aBower, Joseph L. | ||
| 245 |
_aThe CEO within : _bwhy inside outsiders are the key to succession / _cJoseph L. Bower |
||
| 260 |
_aBoston : _bHarvard Business School Press, _c2007. |
||
| 300 |
_a244 p. : _c24 cm. |
||
| 521 | _aBSBA | ||
| 650 | _aBSBA. | ||
| 650 |
_aExecutive succession _xUnited States. |
||
| 650 |
_aDirectors of corporations _xUnited States. |
||
| 650 |
_aIndustrial management _xUnited States. |
||
| 942 |
_cBK _2lcc _kFOR |
||
| 999 |
_c23420 _d23420 |
||